[Event "18.Città di Padova Open A"]
[Site "Padova"]
[Date "2015.12.15"]
[Round "4.6"]
[White "Lazic, Miroljub"]
[Black "Nikolov, Momchil"]
[Result "1/2-1/2"]
[WhiteElo "2466"]
[BlackElo "2548"]
[Annotator "Gabriele Ballarin"]
[PlyCount "34"]
[EventDate "2015.12.13"]
[EventType "swiss"]
[EventRounds "9"]
[EventCountry "ITA"]
[SourceTitle "The Week in Chess 1102"]
[Source "Mark Crowther"]
[SourceDate "2015.12.21"]
[SourceVersion "1"]
[SourceVersionDate "2015.12.21"]
[SourceQuality "2"]

1. Nf3 Nf6 2. g3 c5 3. Bg2 Nc6 4. O-O e5 5. c4 d5 6. d3 d4 7. e3 Be7 8. exd4 cxd4 9. b4 Bxb4 10. Nxe5 Nxe5 11. Qa4+ Nfd7 12. Qxb4 Nxd3 13. Qa3 N7c5 14. Nd2 O-O 15. Ne4 Nxc1 16. Raxc1 Nxe4 17. Bxe4 g6 1/2-1/2

[Event "18.Città di Padova Open A"]
[Site "Padova"]
[Date "2015.12.15"]
[Round "4.7"]
[White "Lodici, Lorenzo"]
[Black "Strikovic, Aleksandr"]
[Result "1/2-1/2"]
[WhiteElo "2347"]
[BlackElo "2505"]
[Annotator "Gabriele Ballarin"]
[PlyCount "61"]
[EventDate "2015.12.13"]
[EventType "swiss"]
[EventRounds "9"]
[EventCountry "ITA"]
[SourceTitle "The Week in Chess 1102"]
[Source "Mark Crowther"]
[SourceDate "2015.12.21"]
[SourceVersion "1"]
[SourceVersionDate "2015.12.21"]
[SourceQuality "2"]

1. d4 d6 2. e4 Nf6 3. Nc3 e5 4. Nf3 Nbd7 5. g4 Nxg4 6. Rg1 Ngf6 7. Be3 c6 8. Qd2 b5 9. O-O-O Qa5 10. a3 h6 11. Kb1 Bb7 12. dxe5 dxe5 13. Bh3 Qc7 14. a4 a6 15. Nh4 g6 16. f4 Be7 17. Nf3 Rd8 18. Qc1 b4 19. Ne2 Nxe4 20. fxe5 Nf8 21. Rxd8+ Qxd8 22. e6 fxe6 23. Nf4 g5 24. Nxe6 Nxe6 25. Bxe6 Qd6 26. Bf5 c5 27. Rd1 Qf6 28. Bd7+ Kd8 29. Bg4+ Kc7 30. Nd4 Qe5 31. Nf3 1/2-1/2

[Event "18.Città di Padova Open A"]
[Site "Padova"]
[Date "2015.12.15"]
[Round "4.8"]
[White "Zelcic, Robert"]
[Black "Solomon, Kenny"]
[Result "0-1"]
[WhiteElo "2520"]
[BlackElo "2215"]
[Annotator "Gabriele Ballarin"]
[PlyCount "58"]
[EventDate "2015.12.13"]
[EventType "swiss"]
[EventRounds "9"]
[EventCountry "ITA"]
[SourceTitle "The Week in Chess 1102"]
[Source "Mark Crowther"]
[SourceDate "2015.12.21"]
[SourceVersion "1"]
[SourceVersionDate "2015.12.21"]
[SourceQuality "2"]

1. e4 e5 2. Nf3 Nc6 3. Bc4 Bc5 4. O-O Nf6 5. d4 Bxd4 6. Nxd4 Nxd4 7. f4 d6 8. fxe5 dxe5 9. Bg5 Qe7 10. Nd2 Rg8 11. Kh1 Bd7 12. c3 Ne6 13. Bxf6 gxf6 14. Qf3 Rg6 15. Qf2 Nf4 16. g3 Nh3 17. Qe3 Ng5 18. b4 Rd8 19. h4 Ne6 20. Kh2 Ng7 21. Rae1 Nh5 22. Rf3 Bg4 23. Rf2 Bc8 24. Rg1 Qd7 25. Bf1 Qg4 26. Re2 Nf4 27. Rf2 Rd3 28. Rxf4 Rxe3 29. Rxg4 Bxg4 0-1

[Event "18.Città di Padova Open A"]
[Site "Padova"]
[Date "2015.12.15"]
[Round "4.9"]
[White "Aghayev, Miragha"]
[Black "Zaja, Ivan"]
[Result "1/2-1/2"]
[WhiteElo "2367"]
[BlackElo "2481"]
[Annotator "Gabriele Ballarin"]
[PlyCount "35"]
[EventDate "2015.12.13"]
[EventType "swiss"]
[EventRounds "9"]
[EventCountry "ITA"]
[SourceTitle "The Week in Chess 1102"]
[Source "Mark Crowther"]
[SourceDate "2015.12.21"]
[SourceVersion "1"]
[SourceVersionDate "2015.12.21"]
[SourceQuality "2"]

1. e4 e6 2. d4 d5 3. Nd2 Nf6 4. e5 Nfd7 5. c3 c5 6. Bd3 Nc6 7. Ne2 cxd4 8. cxd4 f6 9. exf6 Nxf6 10. Nf3 Bd6 11. O-O Qc7 12. h3 O-O 13. Be3 Bd7 14. Re1 Rae8 15. Nc3 a6 16. Rc1 Qb8 17. Bb1 b5 18. Qd3 1/2-1/2

[Event "18.Città di Padova Open A"]
[Site "Padova"]
[Date "2015.12.15"]
[Round "4.11"]
[White "Redo, Giorgio"]
[Black "Enchev, Ivajlo"]
[Result "0-1"]
[WhiteElo "2055"]
[BlackElo "2452"]
[Annotator "Gabriele Ballarin"]
[PlyCount "70"]
[EventDate "2015.12.13"]
[EventType "swiss"]
[EventRounds "9"]
[EventCountry "ITA"]
[SourceTitle "The Week in Chess 1102"]
[Source "Mark Crowther"]
[SourceDate "2015.12.21"]
[SourceVersion "1"]
[SourceVersionDate "2015.12.21"]
[SourceQuality "2"]

1. f4 c5 2. Nf3 d5 3. b3 Nf6 4. Bb2 g6 5. e3 Bg7 6. Bb5+ Nbd7 7. O-O O-O 8. Bxd7 Qxd7 9. d3 b6 10. Nbd2 Qc7 11. Be5 Qc6 12. Qe1 Ng4 13. Bxg7 Kxg7 14. h3 Nh6 15. e4 dxe4 16. dxe4 f6 17. Qe3 Bb7 18. Rae1 Rad8 19. Re2 Ba6 20. c4 Rd7 21. g4 Bb7 22. Kh2 Rfd8 23. e5 Rd3 24. exf6+ exf6 25. Qe7+ Kh8 26. g5 Ng8 27. gxf6 Nxe7 28. fxe7 Re8 29. Ne5 Rxe7 30. Ne4 Qxe4 31. Rxe4 Rd2+ 32. Kg3 Bxe4 33. Re1 Rg2+ 34. Kh4 Rxe5 35. fxe5 Bf3 0-1

[Event "18.Città di Padova Open A"]
[Site "Padova"]
[Date "2015.12.15"]
[Round "4.12"]
[White "Naumkin, Igor"]
[Black "Rossi, Carlo"]
[Result "1/2-1/2"]
[WhiteElo "2446"]
[BlackElo "2284"]
[Annotator "Gabriele Ballarin"]
[PlyCount "39"]
[EventDate "2015.12.13"]
[EventType "swiss"]
[EventRounds "9"]
[EventCountry "ITA"]
[SourceTitle "The Week in Chess 1102"]
[Source "Mark Crowther"]
[SourceDate "2015.12.21"]
[SourceVersion "1"]
[SourceVersionDate "2015.12.21"]
[SourceQuality "2"]

1. d4 f5 2. Nf3 Nf6 3. g3 e6 4. Bg2 d5 5. c4 c6 6. O-O Bd6 7. b3 O-O 8. Ba3 b6 9. Bxd6 Qxd6 10. Nbd2 Nbd7 11. e3 Bb7 12. Qc2 Ne4 13. Rac1 a5 14. Qb2 a4 15. b4 a3 16. Qb3 c5 17. Rc2 Bc6 18. b5 Bb7 19. cxd5 Bxd5 20. Nc4 1/2-1/2

[Event "18.Città di Padova Open A"]
[Site "Padova"]
[Date "2015.12.15"]
[Round "4.13"]
[White "Movileanu, Daniela"]
[Black "Laketic, Gojko"]
[Result "0-1"]
[WhiteElo "2195"]
[BlackElo "2419"]
[Annotator "Gabriele Ballarin"]
[PlyCount "55"]
[EventDate "2015.12.13"]
[EventType "swiss"]
[EventRounds "9"]
[EventCountry "ITA"]

1. e4 c5 2. Nf3 e6 3. d4 cxd4 4. Nxd4 a6 5. c4 Nf6 6. Nc3 Bb4 7. Bd3 Qc7 8. O-O Nc6 9. Nc2 Be7 10. f4 d6 11. Be3 b6 12. Rc1 Bb7 13. b4 O-O 14. a3 Bd8 15. Kh1 Qb8 16. Qd2 Ne7 17. Rce1 Ng6 18. Bg1 Re8 19. Qf2 Bc7 20. Na4 d5 21. e5 Ne4 22. Bxe4 dxe4 23. Nxb6 e3 24. Qxe3 Nh4 25. Re2 Bxb6 26. Qxb6 Rd8 27. Ne1 Qc8 28. Qc5 {Nur} 0-1

[Event "18.Città di Padova Open A"]
[Site "Padova"]
[Date "2015.12.15"]
[Round "4.14"]
[White "Manca, Federico"]
[Black "Santeramo, Alessia Carmen"]
[Result "1/2-1/2"]
[WhiteElo "2409"]
[BlackElo "2133"]
[Annotator "Gabriele Ballarin"]
[PlyCount "27"]
[EventDate "2015.12.13"]
[EventType "swiss"]
[EventRounds "9"]
[EventCountry "ITA"]

1. e4 e5 2. Nf3 Nc6 3. Bb5 a6 4. Ba4 Nf6 5. O-O Be7 6. Re1 b5 7. Bb3 d6 8. c3 O-O 9. d4 Bg4 10. d5 Na5 11. Bc2 c6 12. h3 Bc8 13. dxc6 Qc7 14. Nbd2 {=} 1/2-1/2

[Event "18.Città di Padova Open A"]
[Site "Padova"]
[Date "2015.12.15"]
[Round "4.15"]
[White "Gregori, Giacomo"]
[Black "Codenotti, Marco"]
[Result "0-1"]
[WhiteElo "2113"]
[BlackElo "2405"]
[Annotator "Gabriele Ballarin"]
[PlyCount "92"]
[EventDate "2015.12.13"]
[EventType "swiss"]
[EventRounds "9"]
[EventCountry "ITA"]

1. Nf3 g6 2. g3 Bg7 3. Bg2 e5 4. d3 Nc6 5. c4 f5 6. Nc3 Nf6 7. O-O O-O 8. Rb1 d6 9. b4 h6 10. b5 Ne7 11. Nd2 g5 12. Qb3 Kh8 13. Ba3 f4 14. c5 Nf5 15. cxd6 cxd6 16. Nce4 g4 17. Rfc1 Nxe4 18. Bxe4 Nd4 19. Qd1 Qf6 20. Qf1 f3 21. exf3 gxf3 22. Rc7 Qd8 23. Rc4 Bg4 24. h3 Be6 25. Rxd4 exd4 26. Nxf3 Qd7 27. Nh4 Rf6 28. Ng6+ Kg8 29. Nf4 Bxa2 30. Rb2 Bf7 31. Nd5 Bxd5 32. Bxd5+ Kh8 33. Qg2 Rc8 34. Bxb7 Rc3 35. Bc6 Qe7 36. Bb4 Rxd3 37. Kh2 Rd1 38. b6 axb6 39. Ra2 Rb1 40. Ra8+ Rf8 41. Rxf8+ Qxf8 42. Bd2 Rb2 43. Bf4 Be5 44. Qf3 Bxf4 45. gxf4 Qe7 46. Qg3 Qe3 0-1

[Event "18.Città di Padova Open A"]
[Site "Padova"]
[Date "2015.12.15"]
[Round "4.16"]
[White "Vezzosi, Paolo"]
[Black "Bergamasco, Tommaso"]
[Result "1-0"]
[WhiteElo "2369"]
[BlackElo "2054"]
[Annotator "Gabriele Ballarin"]
[PlyCount "57"]
[EventDate "2015.12.13"]
[EventType "swiss"]
[EventRounds "9"]
[EventCountry "ITA"]

1. d4 Nf6 2. c4 d6 3. Nf3 Bg4 4. Qb3 Qc8 5. Nc3 Bxf3 6. exf3 c6 7. Be3 Nbd7 8. g3 e6 9. Bh3 g6 10. O-O Bg7 11. Bf4 d5 12. cxd5 Nxd5 13. Nxd5 cxd5 14. Rac1 Qd8 15. Qxb7 O-O 16. Rc7 Rb8 17. Qxa7 Ra8 18. Qb7 Nf6 19. Rfc1 Rb8 20. Qa7 Ra8 21. Qc5 Rxa2 22. b4 Qa8 23. b5 Ne8 24. Rc8 Qa4 25. Be3 Ra1 26. Rxa1 Qxa1+ 27. Bf1 Nf6 28. b6 Qb1 29. Qc6 1-0

[Event "18.Città di Padova Open A"]
[Site "Padova"]
[Date "2015.12.15"]
[Round "4.17"]
[White "Kakumanu, Kautil"]
[Black "Brunello, Marina"]
[Result "0-1"]
[WhiteElo "1875"]
[BlackElo "2342"]
[Annotator "Gabriele Ballarin"]
[PlyCount "58"]
[EventDate "2015.12.13"]
[EventType "swiss"]
[EventRounds "9"]
[EventCountry "ITA"]

1. e4 c5 2. Nf3 d6 3. Bb5+ Nd7 4. c3 Ngf6 5. Qe2 a6 6. Ba4 e6 7. O-O Be7 8. d4 b5 9. Bc2 Bb7 10. Rd1 Qc7 11. a4 cxd4 12. cxd4 O-O 13. Bg5 Rfe8 14. Bd3 h6 15. Bh4 e5 16. Nbd2 b4 17. Rac1 Qb8 18. dxe5 dxe5 19. Bb1 Bf8 20. Nc4 a5 21. Ne3 Ra7 22. Nd5 Nxd5 23. exd5 g6 24. g4 e4 25. Ne1 Nc5 26. Bg3 Qa8 27. d6 Nd3 28. Bxd3 exd3 29. Qxd3 Rxe1+ 0-1

[Event "18.Città di Padova Open A"]
[Site "Padova"]
[Date "2015.12.15"]
[Round "4.18"]
[White "De Santis, Alessio"]
[Black "Messina, Roberta"]
[Result "1-0"]
[WhiteElo "2330"]
[BlackElo "2039"]
[Annotator "Gabriele Ballarin"]
[PlyCount "43"]
[EventDate "2015.12.13"]
[EventType "swiss"]
[EventRounds "9"]
[EventCountry "ITA"]

1. b3 d5 2. Bb2 Nf6 3. Nf3 e6 4. e3 Bd6 5. c4 Nbd7 6. Nc3 c6 7. Qc2 O-O 8. Rg1 Ng4 9. h3 Nge5 10. Be2 f5 11. Nxe5 Bxe5 12. f4 Bf6 13. d4 c5 14. O-O-O cxd4 15. exd4 Qc7 16. cxd5 Qxf4+ 17. Kb1 Bxd4 18. dxe6 Nb6 19. e7 Re8 20. Bb5 Bxg1 21. Bxe8 Be6 22. Bb5 1-0

[Event "18.Città di Padova Open A"]
[Site "Padova"]
[Date "2015.12.15"]
[Round "4.19"]
[White "Dragojlovic, Andjelko"]
[Black "Gallo, Enrico"]
[Result "1-0"]
[WhiteElo "2309"]
[BlackElo "2044"]
[Annotator "Gabriele Ballarin"]
[PlyCount "85"]
[EventDate "2015.12.13"]
[EventType "swiss"]
[EventRounds "9"]
[EventCountry "ITA"]

1. e4 e6 2. d4 d5 3. Nc3 Bb4 4. Qd3 Nf6 5. e5 Nfd7 6. a3 Be7 7. Qg3 g6 8. h4 c5 9. dxc5 Nxc5 10. h5 g5 11. h6 Nc6 12. Nf3 Rg8 13. Qg4 Qa5 14. Bd2 Qb6 15. O-O-O d4 16. Ne4 Na4 17. b4 a5 18. Nd6+ Bxd6 19. exd6 axb4 20. Bxb4 Nc3 21. Rxd4 Nxd4 22. Qxd4 Qxd4 23. Nxd4 Na2+ 24. Kb2 Nxb4 25. axb4 Bd7 26. Bd3 f5 27. g4 Rf8 28. Rh5 fxg4 29. Bxh7 O-O-O 30. Rxg5 Rxf2 31. Bd3 e5 32. Rxe5 g3 33. Rg5 Rh2 34. h7 g2 35. Nf3 Rh6 36. Rxg2 Bc6 37. Rg8 Rxh7 38. Bxh7 Rxg8 39. Bxg8 Bxf3 40. Be6+ Kd8 41. c4 b6 42. c5 b5 43. Kc3 1-0

[Event "18.Città di Padova Open A"]
[Site "Padova"]
[Date "2015.12.15"]
[Round "4.20"]
[White "Loiacono, Leonardo"]
[Black "Santagati, Alessandro"]
[Result "0-1"]
[WhiteElo "2052"]
[BlackElo "2262"]
[Annotator "Gabriele Ballarin"]
[PlyCount "64"]
[EventDate "2015.12.13"]
[EventType "swiss"]
[EventRounds "9"]
[EventCountry "ITA"]

1. e4 Nc6 2. Nf3 f5 3. exf5 d5 4. Bb5 Bxf5 5. Nd4 Bd7 6. Nxc6 bxc6 7. Be2 e5 8. d4 e4 9. c4 Nf6 10. Nc3 Bd6 11. Bg5 O-O 12. cxd5 cxd5 13. Nxd5 Nxd5 14. Bxd8 Bb4+ 15. Qd2 Bxd2+ 16. Kxd2 Raxd8 17. Bc4 Be6 18. Bxd5 Rxd5 19. Ke3 Rdf5 20. Rhf1 Bd5 21. b3 c6 22. Rac1 a5 23. Rc5 Ra8 24. Rfc1 Rf7 25. R1c2 Rb7 26. Rxc6 Bxc6 27. Rxc6 a4 28. Kxe4 Re8+ 29. Kd5 axb3 30. axb3 Rxb3 31. Kd6 Rd8+ 32. Ke5 Rd3 0-1

[Event "18.Città di Padova Open A"]
[Site "Padova"]
[Date "2015.12.15"]
[Round "4.21"]
[White "Mrdja, Milan"]
[Black "Pozzobon, Davide"]
[Result "1-0"]
[WhiteElo "2365"]
[BlackElo "2037"]
[Annotator "Gabriele Ballarin"]
[PlyCount "77"]
[EventDate "2015.12.13"]
[EventType "swiss"]
[EventRounds "9"]
[EventCountry "ITA"]

1. e4 c5 2. Nf3 d6 3. c3 Nf6 4. Bd3 Nc6 5. O-O g6 6. h3 Bg7 7. Bc2 O-O 8. d4 cxd4 9. cxd4 d5 10. e5 Ne8 11. Nc3 Nc7 12. Be3 Bf5 13. Bxf5 gxf5 14. Qd3 Qd7 15. Ne2 f6 16. exf6 Bxf6 17. Rae1 e5 18. dxe5 Nxe5 19. Nxe5 Bxe5 20. Bd4 Rae8 21. Bxe5 Rxe5 22. Nd4 Rfe8 23. Rxe5 Rxe5 24. Rc1 Ne8 25. Nf3 Re7 26. Rd1 Nf6 27. Qd4 Qc6 28. Qf4 Qc2 29. Rc1 Qxb2 30. Rc8+ Kf7 31. Qxf5 Qe2 32. Rc2 Qd1+ 33. Kh2 Qa1 34. Rd2 Kg7 35. Qg5+ Kf7 36. Rd4 Re4 37. Rxd5 Nxd5 38. Qxd5+ Re6 39. Ng5+ 1-0

[Event "18.Città di Padova Open A"]
[Site "Padova"]
[Date "2015.12.15"]
[Round "4.22"]
[White "Quaranta, Cristiano"]
[Black "Lanzani, Mario"]
[Result "0-1"]
[WhiteElo "2112"]
[BlackElo "2308"]
[Annotator "Gabriele Ballarin"]
[PlyCount "108"]
[EventDate "2015.12.13"]
[EventType "swiss"]
[EventRounds "9"]
[EventCountry "ITA"]

1. e4 e6 2. d4 d5 3. Nd2 Nf6 4. Bd3 c5 5. c3 cxd4 6. cxd4 dxe4 7. Nxe4 Bb4+ 8. Nc3 O-O 9. Nf3 b6 10. Bg5 Bb7 11. O-O Nc6 12. Re1 Be7 13. a3 Nd5 14. Bxe7 Ncxe7 15. Rc1 Nf5 16. Be4 Nxc3 17. bxc3 Bxe4 18. Rxe4 Rc8 19. Ne5 Nd6 20. Re2 Nc4 21. Qa4 Nxe5 22. Rxe5 Rc7 23. h3 Qd6 24. Qb3 Rfc8 25. a4 Rc4 26. Rc2 Qc7 27. a5 Rxd4 28. cxd4 Qxc2 29. Qxc2 Rxc2 30. axb6 axb6 31. Rb5 Rc1+ 32. Kh2 Rc6 33. Kg3 Rd6 34. Kf3 Kf8 35. Ke4 Ke7 36. f4 Kd7 37. g4 Kc6 38. Rb1 b5 39. f5 exf5+ 40. gxf5 Rd7 41. Rc1+ Kd6 42. Ra1 Re7+ 43. Kd3 Rb7 44. Ra6+ Kd5 45. Ra5 Rb6 46. Ra7 b4 47. Ra5+ Kd6 48. Kc2 b3+ 49. Kb2 Ke7 50. Ra7+ Kf6 51. Rc7 Rb5 52. d5 Rb6 53. h4 Rb5 54. d6 Rb8 0-1

[Event "18.Città di Padova Open A"]
[Site "Padova"]
[Date "2015.12.15"]
[Round "4.23"]
[White "Parrella, Alfredo"]
[Black "Cocchi, Andrea"]
[Result "1/2-1/2"]
[WhiteElo "2097"]
[BlackElo "2251"]
[Annotator "Gabriele Ballarin"]
[PlyCount "80"]
[EventDate "2015.12.13"]
[EventType "swiss"]
[EventRounds "9"]
[EventCountry "ITA"]

1. c4 c5 2. Nf3 Nc6 3. d4 cxd4 4. Nxd4 Nf6 5. Nc3 e6 6. a3 Bc5 7. Nb3 Be7 8. e4 b6 9. Be2 Bb7 10. f4 O-O 11. O-O Na5 12. Nxa5 bxa5 13. Qd3 Bc6 14. Be3 d6 15. b4 axb4 16. axb4 a5 17. b5 Bb7 18. Bf3 Qc8 19. Na4 Nd7 20. Rac1 Qc7 21. Rfd1 Rfd8 22. Qe2 g6 23. g3 Nc5 24. Bxc5 dxc5 25. e5 Bxf3 26. Qxf3 Rxd1+ 27. Rxd1 Rd8 28. Rxd8+ Qxd8 29. b6 Qd4+ 30. Kg2 Qxc4 31. b7 Qb4 32. Qc6 Kg7 33. Nb6 Qb2+ 34. Kh3 g5 35. b8=Q g4+ 36. Kxg4 Qe2+ 37. Kh3 Qh5+ 38. Kg2 Qe2+ 39. Kh3 Qh5+ 40. Kg2 Qe2+ 1/2-1/2

[Event "18.Città di Padova Open A"]
[Site "Padova"]
[Date "2015.12.15"]
[Round "4.24"]
[White "Varvaglione, Antonio"]
[Black "Lantini, Marco"]
[Result "1/2-1/2"]
[WhiteElo "2247"]
[BlackElo "2083"]
[Annotator "Gabriele Ballarin"]
[PlyCount "119"]
[EventDate "2015.12.13"]
[EventType "swiss"]
[EventRounds "9"]
[EventCountry "ITA"]

1. e4 e5 2. Nf3 Nc6 3. Bc4 Nf6 4. d3 h6 5. O-O g6 6. c3 Bg7 7. Nbd2 O-O 8. Re1 d6 9. h3 Kh7 10. Nf1 d5 11. exd5 Nxd5 12. Ng3 f5 13. Bb5 Qd6 14. a4 a6 15. Bc4 b6 16. Qc2 Bb7 17. h4 Nf4 18. Bxf4 exf4 19. Ne2 Ne5 20. Nxe5 Bxe5 21. d4 Qc6 22. f3 Qxc4 23. dxe5 Qc5+ 24. Nd4 Qe7 25. h5 c5 26. hxg6+ Kxg6 27. Nb3 Qg5 28. Qe2 Bd5 29. c4 Be6 30. Rad1 Rad8 31. a5 b5 32. Nxc5 Bxc4 33. Qf2 Rxd1 34. Rxd1 Rd8 35. Rd6+ Kh5 36. Nxa6 Re8 37. Qe1 Qg3 38. Qxg3 fxg3 39. f4 Kg4 40. Nc5 Kxf4 41. e6 Ke5 42. Rd1 Kf6 43. a6 b4 44. a7 Ra8 45. Ra1 Bb5 46. Nd7+ Bxd7 47. exd7 Ke7 48. Kf1 Kxd7 49. Ke2 Kc6 50. Ra4 Kb5 51. b3 h5 52. Kf3 h4 53. Ke3 Kc5 54. Ra5+ Kb6 55. Rxf5 Rxa7 56. Rf6+ Kc5 57. Rf5+ Kc6 58. Rf6+ Kd5 59. Rf5+ Kc6 60. Rf6+ 1/2-1/2

[Event "18.Città di Padova Open A"]
[Site "Padova"]
[Date "2015.12.15"]
[Round "4.25"]
[White "Papathanasiou, Elisavet"]
[Black "Pescatore, Lorenzo"]
[Result "1/2-1/2"]
[WhiteElo "1955"]
[BlackElo "2243"]
[Annotator "Gabriele Ballarin"]
[PlyCount "101"]
[EventDate "2015.12.13"]
[EventType "swiss"]
[EventRounds "9"]
[EventCountry "ITA"]

1. d4 Nf6 2. Nf3 e6 3. Nbd2 c5 4. e3 cxd4 5. exd4 b6 6. b3 Bb7 7. Bb2 Be7 8. Bd3 O-O 9. O-O d6 10. c4 Nbd7 11. Qe2 Qc7 12. Rfe1 Rac8 13. Rac1 Qb8 14. Ng5 Rfe8 15. Qe3 Nf8 16. Qh3 d5 17. Re3 Qf4 18. Ngf3 Bb4 19. Rd1 Qg4 20. Qxg4 Nxg4 21. Re2 Ng6 22. g3 dxc4 23. bxc4 Bxd2 24. Nxd2 Red8 25. f3 N4e5 26. Bxg6 Nxg6 27. Re3 Rd7 28. Ra3 Ba8 29. Kf2 Ne7 30. Rd3 Nc6 31. Ke3 Rcd8 32. Nb1 Bb7 33. R3d2 Ba6 34. Na3 Na5 35. c5 Nc6 36. cxb6 axb6 37. Bc3 Ne7 38. Bb2 h6 39. Nc2 Bc4 40. Nb4 f6 41. g4 Nd5+ 42. Nxd5 exd5 43. Kf2 Bxa2 44. Re2 Bc4 45. Re6 b5 46. Ba3 Ra7 47. Bc5 Ra2+ 48. Kg3 Re2 49. Rxe2 Bxe2 50. Re1 Bc4 51. Kf4 1/2-1/2

[Event "18.Città di Padova Open A"]
[Site "Padova"]
[Date "2015.12.15"]
[Round "4.26"]
[White "Massironi, Marco"]
[Black "Serefidou, Despina"]
[Result "1-0"]
[WhiteElo "2242"]
[BlackElo "1978"]
[Annotator "Gabriele Ballarin"]
[PlyCount "41"]
[EventDate "2015.12.13"]
[EventType "swiss"]
[EventRounds "9"]
[EventCountry "ITA"]

1. e4 c5 2. Nf3 d6 3. d4 cxd4 4. Nxd4 Nf6 5. Nc3 a6 6. Bg5 Nbd7 7. Bc4 Qa5 8. Qd2 e6 9. O-O-O Be7 10. Kb1 h6 11. Bh4 b5 12. Nc6 Qc7 13. Nxe7 bxc4 14. Nxc8 Rxc8 15. Qxd6 Qxd6 16. Rxd6 g5 17. Bg3 a5 18. Rhd1 h5 19. h4 gxh4 20. Bxh4 Rc7 21. Bxf6 1-0

[Event "18.Città di Padova Open A"]
[Site "Padova"]
[Date "2015.12.15"]
[Round "4.27"]
[White "Sorbera, Giovanni"]
[Black "Loiacono, Antonio"]
[Result "1-0"]
[WhiteElo "2191"]
[BlackElo "2010"]
[Annotator "Gabriele Ballarin"]
[PlyCount "125"]
[EventDate "2015.12.13"]
[EventType "swiss"]
[EventRounds "9"]
[EventCountry "ITA"]

1. d4 Nf6 2. c4 g6 3. Nc3 Bg7 4. e4 d6 5. Be2 O-O 6. Nf3 e5 7. O-O Nc6 8. d5 Ne7 9. b4 Nd7 10. Ba3 a5 11. bxa5 Rxa5 12. Bb4 Ra8 13. Nb5 b6 14. a4 Ba6 15. a5 Bxb5 16. cxb5 bxa5 17. Rxa5 Rxa5 18. Bxa5 Nc5 19. Qc2 Bh6 20. Nxe5 f5 21. Nc6 Nxc6 22. dxc6 Nxe4 23. b6 cxb6 24. c7 Qd7 25. Bxb6 Nc5 26. Bc4+ Kh8 27. Qd1 Ne6 28. Qa1+ Bg7 29. Qa7 Rc8 30. Ba6 Rxc7 31. Qb8+ Bf8 32. Bxc7 Qxc7 33. Qe8 Qe7 34. Qa8 Nc7 35. Qc6 Nxa6 36. Qxa6 h6 37. Rb1 Bg7 38. Qc4 Kh7 39. h3 h5 {=} 40. Qc6 Qe5 41. Rd1 Bf8 42. Qd7+ Qg7 43. Qc8 Qe7 44. Rb1 Bg7 45. Qc4 Qe5 46. Rd1 Qe7 47. Kf1 Qf6 48. Qc7 Kh6 49. Qxd6 Qxd6 50. Rxd6 h4 51. Ke2 Be5 52. Re6 Bc7 53. Kd3 Kg5 54. Kd4 Bb8 55. Ra6 Kh5 56. Kd5 g5 57. Rf6 f4 58. Ke6 Ba7 59. Kf5 Bxf2 60. Rg6 Be3 61. Rxg5+ Kh6 62. Rg4 Kh5 63. Rxf4 1-0

[Event "18.Città di Padova Open A"]
[Site "Padova"]
[Date "2015.12.15"]
[Round "4.28"]
[White "Casciello, Dimitri"]
[Black "Ljubisavljevic, Zivojin Z"]
[Result "1/2-1/2"]
[WhiteElo "2040"]
[BlackElo "2183"]
[Annotator "Gabriele Ballarin"]
[PlyCount "57"]
[EventDate "2015.12.13"]
[EventType "swiss"]
[EventRounds "9"]
[EventCountry "ITA"]

1. e4 c6 2. Nc3 d5 3. Nf3 dxe4 4. Nxe4 Nf6 5. Qe2 Nxe4 6. Qxe4 e6 7. d4 Bd6 8. Bd3 Nd7 9. O-O Nf6 10. Qe2 b6 11. c4 Qc7 12. Ne5 Bxe5 13. dxe5 Nd7 14. Re1 Bb7 15. b3 O-O-O 16. Bb2 h5 17. Red1 g5 18. b4 c5 19. a3 Nf8 20. Qe3 g4 21. Be4 Ng6 22. bxc5 Qxc5 23. Bd4 Qc7 24. c5 bxc5 25. Bxb7+ Qxb7 26. Bxc5 Nh4 27. Qg3 Nf5 28. Qc3 Rxd1+ 29. Rxd1 {Nur} 1/2-1/2

[Event "18.Città di Padova Open A"]
[Site "Padova"]
[Date "2015.12.15"]
[Round "4.29"]
[White "Santolini, Luigi"]
[Black "Desideri, Leonardo"]
[Result "1-0"]
[WhiteElo "2156"]
[BlackElo "1770"]
[Annotator "Gabriele Ballarin"]
[PlyCount "111"]
[EventDate "2015.12.13"]
[EventType "swiss"]
[EventRounds "9"]
[EventCountry "ITA"]

1. d4 f5 2. g3 e6 3. Bg2 Nf6 4. Nf3 d5 5. O-O Bd6 6. Bf4 Bxf4 7. gxf4 O-O 8. Nbd2 Bd7 9. Ne5 Be8 10. c4 c6 11. e3 Nbd7 12. Qc2 Ne4 13. Nxd7 Qxd7 14. Nxe4 fxe4 15. f3 exf3 16. Bxf3 Bg6 17. Qe2 Rae8 18. c5 Qd8 19. b4 Qh4 20. a4 Rf6 21. b5 Bf5 22. Kh1 Rh6 23. Ra2 Kh8 24. Rg1 Rg8 25. bxc6 bxc6 26. Rb2 g5 27. fxg5 Rhg6 28. Qf2 Rxg5 29. Rxg5 Qxg5 30. Rb7 Rf8 31. Qg3 Qf6 32. Rb8 Qf7 33. Rxf8+ Qxf8 34. Qe5+ Kg8 35. Kg2 Qg7+ 36. Qxg7+ Kxg7 37. a5 Bd3 38. Kg3 Kf6 39. Kf4 Bc2 40. Be2 Be4 41. Bd1 Ke7 42. Ke5 Bf5 43. Ba4 Kd7 44. Kf6 Bd3 45. Bd1 Bf5 46. Bh5 Bh3 47. Bf7 Kc7 48. Bxe6 Bf1 49. Bf5 Kb7 50. Bxh7 Ka6 51. h4 Be2 52. Bg6 Kxa5 53. h5 Bxh5 54. Bxh5 Kb4 55. Be8 Kb5 56. Ke6 1-0

[Event "18.Città di Padova Open A"]
[Site "Padova"]
[Date "2015.12.15"]
[Round "4.30"]
[White "Vatkali, Dimitra"]
[Black "Di Chiara, Mauro"]
[Result "1-0"]
[WhiteElo "1983"]
[BlackElo "1933"]
[Annotator "Gabriele Ballarin"]
[PlyCount "57"]
[EventDate "2015.12.13"]
[EventType "swiss"]
[EventRounds "9"]
[EventCountry "ITA"]

1. d4 Nf6 2. c4 g6 3. Nc3 Bg7 4. Nf3 O-O 5. Bg5 d6 6. e3 h6 7. Bh4 c5 8. d5 Bg4 9. Be2 Qb6 10. Qd2 Nbd7 11. h3 Bxf3 12. gxf3 g5 13. Bg3 Nh5 14. Bh2 f5 15. f4 Nhf6 16. Rg1 g4 17. hxg4 Ne4 18. Nxe4 fxe4 19. Rb1 Qb4 20. g5 hxg5 21. Rxg5 Kf7 22. Bh5+ Kg8 23. Bg4 Nf6 24. Be6+ Kh8 25. Qxb4 cxb4 26. Kd2 Nh7 27. Rh5 Rac8 28. b3 b5 29. Bg3 1-0

[Event "18.Città di Padova Open A"]
[Site "Padova"]
[Date "2015.12.15"]
[Round "4.31"]
[White "Kakumanu, Kunal"]
[Black "Belloni, Umberto"]
[Result "1-0"]
[WhiteElo "1918"]
[BlackElo "1827"]
[Annotator "Gabriele Ballarin"]
[PlyCount "81"]
[EventDate "2015.12.13"]
[EventType "swiss"]
[EventRounds "9"]
[EventCountry "ITA"]

1. e4 e6 2. d4 d5 3. Nd2 Nf6 4. e5 Nfd7 5. Bd3 c5 6. c3 Nc6 7. Ne2 cxd4 8. cxd4 Qb6 9. Nf3 Be7 10. O-O Nf8 11. b3 Nb4 12. Bb1 Bd7 13. a3 Nc6 14. Be3 Na5 15. Bc2 Rc8 16. Nd2 Qc7 17. Bd3 Qb6 18. b4 Nc6 19. Nb3 a6 20. Qd2 Na7 21. Rfc1 Rxc1+ 22. Rxc1 Bc6 23. Bg5 Qd8 24. Bxe7 Qxe7 25. Na5 Qd7 26. Qc3 Bb5 27. Bxb5 Qxb5 28. Qc7 Nd7 29. Qxb7 Qxb7 30. Nxb7 O-O 31. Rc7 Nb8 32. Nd6 Nac6 33. f4 g6 34. Kf2 f6 35. Ke3 fxe5 36. fxe5 g5 37. Ng3 Nd8 38. Nh5 Nf7 39. Nf6+ Kg7 40. Nde8+ Kg6 41. Rc8 1-0